[Event "NRW Class2 1819"]
[Site "Germany"]
[Date "2018.12.09"]
[Round "4.2"]
[White "Ebert, Manuel"]
[Black "Nagel, Bernhard"]
[Result "1/2-1/2"]
[WhiteElo "2141"]
[BlackElo "2156"]
[PlyCount "69"]
[EventDate "2018.09.16"]
[EventType "team-tourn"]
[EventRounds "9"]
[EventCountry "GER"]
[SourceTitle "EXT 2022"]
[Source "ChessBase"]
[SourceDate "2021.10.06"]
[SourceVersion "1"]
[SourceVersionDate "2021.10.06"]
[SourceQuality "1"]
[WhiteTeam "Guetersloh"]
[BlackTeam "Koeln Lasker"]
[WhiteTeamCountry "GER"]
[BlackTeamCountry "GER"]

1. Nf3 c5 2. g3 g6 3. Bg2 Nc6 4. 0-0 Bg7 5. c4 d6 6. Nc3 e5 7. d3 Nge7 8. Rb1 0-0 9. a3 a5 10. Ne1 Be6 11. Nc2 d5 12. cxd5 Nxd5 13. Ne3 Nce7 14. Qc2 Rc8 15. Bd2 Nxe3 16. Bxe3 b6 17. Qd2 Bb3 18. Bh3 Rc6 19. Bh6 Nf5 20. Bxf5 gxf5 21. Bxg7 Kxg7 22. Qe3 Re8 23. Qf3 Rf6 24. Qh5 Qd7 25. f4 Rh6 26. Qf3 e4 27. dxe4 fxe4 28. Nxe4 Qd4+ 29. Nf2 Re3 30. Qg4+ Rg6 31. Qh5 Rh6 32. Qg5+ Rg6 33. Qh5 Rh6 34. Qg5+ Rg6 35. Qh5 1/2-1/2

[Event "Albena op"]
[Site "Albena"]
[Date "2017.06.24"]
[Round "8"]
[White "Dolzhikova, Kateryna"]
[Black "Ebert, Manuel"]
[Result "1-0"]
[WhiteElo "2239"]
[BlackElo "2145"]
[PlyCount "61"]
[EventDate "2017.06.17"]
[EventType "swiss"]
[EventRounds "9"]
[EventCountry "BUL"]
[SourceTitle "CBM 179 Extra"]
[Source "ChessBase"]
[SourceDate "2017.08.23"]
[SourceVersion "1"]
[SourceVersionDate "2017.08.23"]
[SourceQuality "1"]

1. e4 c5 2. Nf3 e6 3. c4 a6 4. Nc3 d6 5. d4 cxd4 6. Nxd4 Nf6 7. Be3 Qc7 8. Be2 b6 9. 0-0 Bb7 10. f3 Nbd7 11. Qd2 Be7 12. Rfc1 0-0 13. Rab1 Rac8 14. b4 Qb8 15. a4 Ne5 16. Qa2 Qa8 17. a5 bxa5 18. Na4 Nfd7 19. bxa5 Bd8 20. Nb3 Bc6 21. Nb6 Nxb6 22. axb6 Nd7 23. Na5 Rb8 24. Rd1 Bxb6 25. Bxb6 Rxb6 26. Rxb6 Nxb6 27. Rxd6 Rc8 28. c5 Na4 29. Nxc6 Nc3 30. Ne7+ Kf8 31. Nxc8 1-0

[Event "Albena op-A"]
[Site "Albena"]
[Date "2016.06.24"]
[Round "7"]
[White "Badev, Kiril"]
[Black "Ebert, Manuel"]
[Result "1-0"]
[WhiteElo "2320"]
[BlackElo "2145"]
[PlyCount "71"]
[EventDate "2016.06.18"]
[EventType "swiss"]
[EventRounds "9"]
[EventCountry "BUL"]
[SourceTitle "CBM 173 Extra"]
[Source "ChessBase"]
[SourceDate "2016.08.29"]
[SourceVersion "1"]
[SourceVersionDate "2016.08.29"]
[SourceQuality "1"]

1. e4 c5 2. Nf3 e6 3. d4 cxd4 4. Nxd4 a6 5. c4 Nf6 6. Nc3 Qc7 7. Qc2 b6 8. f4 d6 9. Bd3 Bb7 10. Qe2 Nbd7 11. 0-0 Be7 12. Kh1 0-0 13. Bd2 Nc5 14. Bc2 d5 15. cxd5 exd5 16. e5 Nfe4 17. Bxe4 Nxe4 18. Nxe4 dxe4 19. Nf5 Rfe8 20. Rac1 Qb8 21. Qg4 Bf8 22. Nh6+ Kh8 23. Nxf7+ Kg8 24. e6 Bd5 25. f5 Ra7 26. Bc3 Rxf7 27. exf7+ Bxf7 28. Bxg7 Bxg7 29. f6 Bg6 30. fxg7 Qe5 31. Rf8+ Rxf8 32. gxf8Q+ Kxf8 33. Qd7 Qe7 34. Qxe7+ Kxe7 35. Rc6 e3 36. Kg1 1-0

[Event "NRW Class2 1415"]
[Site "Germany"]
[Date "2015.03.22"]
[Round "8.2"]
[White "Webb, Laurence"]
[Black "Ebert, Manuel"]
[Result "1-0"]
[WhiteElo "2225"]
[BlackElo "2124"]
[PlyCount "164"]
[EventDate "2014.09.14"]
[EventType "team-tourn"]
[EventRounds "9"]
[EventCountry "GER"]
[SourceTitle "EXT 2017"]
[Source "ChessBase"]
[SourceDate "2016.10.25"]
[SourceVersion "1"]
[SourceVersionDate "2016.10.25"]
[SourceQuality "1"]
[WhiteTeam "Muenster"]
[BlackTeam "Guetersloh"]
[WhiteTeamCountry "GER"]
[BlackTeamCountry "GER"]

1. e4 c5 2. Nf3 e6 3. c3 Nf6 4. Bd3 d6 5. Bc2 Nbd7 6. d4 Be7 7. 0-0 Qc7 8. Re1 e5 9. Nbd2 0-0 10. Nf1 Rd8 11. Ng3 g6 12. Qe2 b5 13. dxe5 dxe5 14. a4 bxa4 15. Bxa4 a5 16. Bb5 Nb6 17. Nd2 Nfd7 18. Ngf1 Bb7 19. Ne3 Bg5 20. Nec4 Bxd2 21. Bxd2 Nxc4 22. Bxc4 Nb6 23. Bg5 Rd6 24. Bb5 f6 25. Bh6 Bc8 26. Be3 Be6 27. f3 c4 28. Qf2 Nd7 29. h4 Rb8 30. Ba4 Nb6 31. Bc2 Nc8 32. Ra2 Ne7 33. Rea1 Ra6 34. Rd1 Rd6 35. Rxd6 Qxd6 36. Bc5 Qd8 37. Ba3 Kf7 38. Ra1 Qb6 39. Rd1 Qxf2+ 40. Kxf2 Rb7 41. Ba4 Nc8 42. Rd8 Na7 43. Be8+ Kg7 44. Ke3 Nb5 45. Bc6 Rb6 46. Bf8+ Kf7 47. Bd5 Bxd5 48. exd5 f5 49. Bc5 Rb7 50. g4 Kf6 51. gxf5 gxf5 52. f4 e4 53. Rf8+ Rf7 54. Rb8 Nc7 55. Rb6+ Kg7 56. Bd4+ Kf8 57. Bc5+ Ke8 58. Kd4 Rd7 59. Rb8+ Kf7 60. Rf8+ Kg6 61. h5+ Kxh5 62. Rxf5+ Kg4 63. Re5 e3 64. Kxc4 Kxf4 65. Rxe3 Nxd5 66. Rd3 Ke4 67. Rd4+ Ke5 68. Rh4 Nf4 69. Bd4+ Kf5 70. Rh6 Ke4 71. Kb5 Nd3 72. Rh2 Rd5+ 73. Kc4 Ne5+ 74. Bxe5 Rxe5 75. Rxh7 Re8 76. Rb7 Ke3 77. Kb5 Ra8 78. c4 Kd4 79. c5 Kd5 80. c6 Rc8 81. Rd7+ Ke6 82. Rd2 a4 1-0

[Event "NRW Class2 1213"]
[Site "Germany"]
[Date "2013.04.28"]
[Round "9.1"]
[White "Hort, Vlastimil"]
[Black "Ebert, Manuel"]
[Result "1/2-1/2"]
[WhiteElo "2414"]
[BlackElo "2105"]
[PlyCount "152"]
[EventDate "2012.09.16"]
[EventType "team-tourn"]
[EventRounds "9"]
[EventCountry "GER"]
[SourceTitle "EXT 2017"]
[Source "ChessBase"]
[SourceDate "2016.10.25"]
[SourceVersion "1"]
[SourceVersionDate "2016.10.25"]
[SourceQuality "1"]
[WhiteTeam "Oberhausen"]
[BlackTeam "Guetersloh"]
[WhiteTeamCountry "GER"]
[BlackTeamCountry "GER"]

1. e4 c5 2. Nf3 e6 3. Nc3 a6 4. g3 Nc6 5. Bg2 d6 6. 0-0 Nf6 7. d3 Be7 8. Nd2 0-0 9. f4 Qc7 10. h3 Bd7 11. g4 Nd4 12. g5 Ne8 13. Nc4 f5 14. a4 Bc6 15. a5 g6 16. Be3 Ng7 17. Qd2 Rad8 18. Nb6 Nb5 19. Rae1 Rfe8 20. Bf2 Bf8 21. Nd1 Qf7 22. c4 Nd4 23. Bxd4 cxd4 24. Nf2 Nh5 25. Kh2 fxe4 26. Nxe4 d5 27. Ng3 Nxg3 28. Kxg3 Bd6 29. cxd5 exd5 30. Qf2 Rxe1 31. Rxe1 Rf8 32. Rf1 Qf5 33. Qf3 Qxg5+ 34. Qg4 Qf5 35. Qxf5 Rxf5 36. h4 Kg7 37. Bh3 Rf6 38. Nd7 Rf7 39. Ne5 Re7 40. Nxc6 bxc6 41. Bc8 Bb4 42. Bxa6 Bxa5 43. f5 Be1+ 44. Kg4 h5+ 45. Kh3 Re3+ 46. Kg2 Bxh4 47. fxg6 Kxg6 48. Rc1 Re2+ 49. Kh1 Rxb2 50. Rxc6+ Bf6 51. Rd6 Kg5 52. Rxd5+ Kg4 53. Rb5 Rd2 54. Rb1 Be5 55. Rg1+ Kh3 56. Bc8+ Kh4 57. Re1 Bf4 58. Rf1 Be3 59. Bb7 Rxd3 60. Kg2 Rb3 61. Bd5 Rb5 62. Bc4 Rg5+ 63. Kf3 Rg3+ 64. Ke4 Rg4+ 65. Kf3 Kg5 66. Be6 Rf4+ 67. Kg2 Re4 68. Bc4 Bf4 69. Rg1 Re3 70. Kf2+ Kf5 71. Rg8 Bg5 72. Rb8 h4 73. Rb3 Re7 74. Kf3 Bf4 75. Bd3+ Kg5 76. Rb5+ Re5 1/2-1/2

[Event "NRW Class2 1213"]
[Site "Germany"]
[Date "2013.04.07"]
[Round "8.1"]
[White "Ebert, Manuel"]
[Black "Seel, Christian"]
[Result "0-1"]
[WhiteElo "2105"]
[BlackElo "2444"]
[PlyCount "62"]
[EventDate "2012.09.16"]
[EventType "team-tourn"]
[EventRounds "9"]
[EventCountry "GER"]
[SourceTitle "EXT 2017"]
[Source "ChessBase"]
[SourceDate "2016.10.25"]
[SourceVersion "1"]
[SourceVersionDate "2016.10.25"]
[SourceQuality "1"]
[WhiteTeam "Guetersloh"]
[BlackTeam "Niederkassel"]
[WhiteTeamCountry "GER"]
[BlackTeamCountry "GER"]

1. e4 e5 2. Nf3 d6 3. Bc4 Nf6 4. d3 Be7 5. c3 0-0 6. Nbd2 Nc6 7. 0-0 h6 8. Re1 Nh7 9. Nf1 Ng5 10. Ne3 Kh8 11. b4 Nxf3+ 12. Qxf3 Bg5 13. Qh5 g6 14. Qe2 Kh7 15. Bb3 f5 16. exf5 gxf5 17. b5 Ne7 18. d4 e4 19. g3 Ng6 20. h4 Bxh4 21. gxh4 Nf4 22. Qd2 Qxh4 23. Nf1 Nh3+ 24. Kg2 Ng5 25. Nh2 f4 26. f3 Bh3+ 27. Kg1 exf3 28. Re7+ Kg6 29. Qf2 Qg3+ 30. Qxg3 fxg3 31. Bxg5 f2+ 0-1

[Event "NRW Class2 1213"]
[Site "Germany"]
[Date "2013.01.20"]
[Round "5.1"]
[White "Ebert, Manuel"]
[Black "Rieke, Theo"]
[Result "1/2-1/2"]
[WhiteElo "2105"]
[BlackElo "1989"]
[PlyCount "34"]
[EventDate "2012.09.16"]
[EventType "team-tourn"]
[EventRounds "9"]
[EventCountry "GER"]
[SourceTitle "EXT 2017"]
[Source "ChessBase"]
[SourceDate "2016.10.25"]
[SourceVersion "1"]
[SourceVersionDate "2016.10.25"]
[SourceQuality "1"]
[WhiteTeam "Guetersloh"]
[BlackTeam "Neuenkirchen"]
[WhiteTeamCountry "GER"]
[BlackTeamCountry "GER"]

1. e4 g6 2. d4 Bg7 3. Nc3 d6 4. Be3 c6 5. a4 Nf6 6. Be2 Qa5 7. Qd2 Nbd7 8. h3 0-0 9. Nf3 e5 10. 0-0 exd4 11. Nxd4 Re8 12. Rfe1 Qc7 13. Bd3 Nc5 14. Bf4 Nh5 15. Be3 Nf6 16. Bf4 Nh5 17. Be3 Nf6 1/2-1/2

[Event "NRW Class2 1213"]
[Site "Germany"]
[Date "2012.09.16"]
[Round "1.1"]
[White "Ebert, Manuel"]
[Black "Pieper Emden, Carsten"]
[Result "1/2-1/2"]
[WhiteElo "2105"]
[BlackElo "2177"]
[PlyCount "32"]
[EventDate "2012.09.16"]
[EventType "team-tourn"]
[EventRounds "9"]
[EventCountry "GER"]
[SourceTitle "EXT 2017"]
[Source "ChessBase"]
[SourceDate "2016.10.25"]
[SourceVersion "1"]
[SourceVersionDate "2016.10.25"]
[SourceQuality "1"]
[WhiteTeam "Guetersloh"]
[BlackTeam "Herford"]
[WhiteTeamCountry "GER"]
[BlackTeamCountry "GER"]

1. e4 c5 2. Nf3 d6 3. d4 cxd4 4. Nxd4 Nf6 5. Nc3 e6 6. Bc4 a6 7. Bb3 Be7 8. f4 Qc7 9. Qf3 Nc6 10. Be3 Bd7 11. Nde2 b5 12. a3 Rc8 13. g4 h6 14. h4 h5 15. gxh5 Nxh5 16. Qf2 Qb7 1/2-1/2

[Event "NRW Class1 0809"]
[Site "Germany"]
[Date "2009.03.22"]
[Round "8.5"]
[White "Ebert, Manuel"]
[Black "Forchert, Niko"]
[Result "1/2-1/2"]
[WhiteElo "2097"]
[BlackElo "2197"]
[PlyCount "131"]
[EventDate "2008.09.21"]
[EventType "team-tourn"]
[EventRounds "9"]
[EventCountry "GER"]
[SourceTitle "EXT 2010"]
[Source "ChessBase"]
[SourceDate "2010.11.25"]
[SourceVersion "1"]
[SourceVersionDate "2010.11.25"]
[SourceQuality "1"]
[WhiteTeam "Brackweda"]
[BlackTeam "Bielefeld"]
[WhiteTeamCountry "GER"]
[BlackTeamCountry "GER"]

1. e4 d5 2. exd5 Qxd5 3. Nc3 Qa5 4. d4 Bf5 5. Bc4 e6 6. Nf3 c6 7. Bd2 Nd7 8. Qe2 Ngf6 9. d5 cxd5 10. Nxd5 Qc5 11. Be3 Qa5+ 12. Bd2 Qc5 13. Bb4 Qc8 14. Bxf8 Kxf8 15. Ne3 Be4 16. Nd2 Bc6 17. 0-0 Qc7 18. Rfe1 h5 19. Bb5 g6 20. Rad1 Kg7 21. Bxc6 Qxc6 22. Nf3 Rhd8 23. Nc4 Qb5 24. Nd6 Qxe2 25. Rxe2 Nc5 26. Red2 Nd5 27. Nb5 Rdc8 28. c4 Nb4 29. Nd6 Rc7 30. b3 Nc6 31. Kf1 a5 32. Nd4 Nxd4 33. Rxd4 Kf8 34. Ne4 Nxe4 35. Rxe4 Ke7 36. Red4 Ra6 37. R1d3 e5 38. Rd5 f6 39. f3 a4 40. Rd8 axb3 41. axb3 Ke6 42. h4 Ra2 43. R3d6+ Ke7 44. Rd5 Rb2 45. Rg8 Kf7 46. Rdd8 Rxb3 47. Rdf8+ Ke7 48. Re8+ Kd7 49. Rd8+ Ke6 50. Rxg6 Rxc4 51. Rf8 Rf4 52. Rh6 Ke7 53. Rb8 Rxh4 54. Rxb7+ Rxb7 55. Rh7+ Ke6 56. Rxb7 Rf4 57. Kf2 h4 58. Ke3 Kf5 59. Rg7 Ra4 60. Rg8 e4 61. fxe4+ Rxe4+ 62. Kf2 Rf4+ 63. Kg1 Rg4 64. Rh8 Kf4 65. Kh2 f5 66. Kh3 1/2-1/2

[Event "NRW Class1 0809"]
[Site "Germany"]
[Date "2009.03.01"]
[Round "7.6"]
[White "Ebert, Manuel"]
[Black "Becker, Joerg"]
[Result "0-1"]
[WhiteElo "2097"]
[BlackElo "2182"]
[PlyCount "134"]
[EventDate "2008.09.21"]
[EventType "team-tourn"]
[EventRounds "9"]
[EventCountry "GER"]
[SourceTitle "EXT 2010"]
[Source "ChessBase"]
[SourceDate "2010.11.25"]
[SourceVersion "1"]
[SourceVersionDate "2010.11.25"]
[SourceQuality "1"]
[WhiteTeam "Brackweda"]
[BlackTeam "Sodingen"]
[WhiteTeamCountry "GER"]
[BlackTeamCountry "GER"]

1. e4 e5 2. Nf3 Nc6 3. Bb5 a6 4. Ba4 Nf6 5. d3 d6 6. c3 Be7 7. Nbd2 0-0 8. Nf1 b5 9. Bb3 d5 10. Qe2 Re8 11. Ne3 dxe4 12. dxe4 h6 13. 0-0 Bd6 14. Rd1 Be6 15. Bxe6 Rxe6 16. Nf5 Qe8 17. a4 bxa4 18. Qc4 Na5 19. Qxa4 Qxa4 20. Rxa4 Nb3 21. Nxd6 Rxd6 22. Rxd6 cxd6 23. Be3 a5 24. Nd2 Nxd2 25. Bxd2 Rb8 26. Bc1 Rb5 27. f3 Nd7 28. c4 Rb3 29. Rxa5 Nc5 30. Ra8+ Kh7 31. Ra3 Rb4 32. Rc3 Kg8 33. Kf2 Kf8 34. Ke2 Ke7 35. Kd1 Na4 36. Rc2 Rb3 37. Rd2 Rb4 38. Rc2 Kd7 39. Ke2 Kc6 40. Kd1 Rb3 41. Rd2 Rb4 42. Kc2 Rxc4+ 43. Kb3 Kb5 44. Rd1 Nc5+ 45. Ka2 Rc2 46. Be3 Na4 47. Rxd6 Rxb2+ 48. Ka3 Rxg2 49. Rd7 f6 50. Rb7+ Kc4 51. Rc7+ Kd3 52. Bxh6 gxh6 53. Kxa4 Ke3 54. Rf7 Rg6 55. h4 h5 56. Rh7 Kxf3 57. Rxh5 Kxe4 58. Kb4 f5 59. Kc3 Rd6 60. Rh8 f4 61. h5 f3 62. h6 Ke3 63. h7 Rc6+ 64. Kb4 Rh6 65. Re8 Rxh7 66. Rxe5+ Kf4 67. Re8 Rf7 0-1

[Event "NRW Class1 0809"]
[Site "Germany"]
[Date "2008.11.09"]
[Round "3.5"]
[White "Beckmann, Klaus2222"]
[Black "Ebert, Manuel"]
[Result "0-1"]
[WhiteElo "2129"]
[BlackElo "2097"]
[PlyCount "110"]
[EventDate "2008.09.21"]
[EventType "team-tourn"]
[EventRounds "9"]
[EventCountry "GER"]
[SourceTitle "EXT 2010"]
[Source "ChessBase"]
[SourceDate "2010.11.25"]
[SourceVersion "1"]
[SourceVersionDate "2010.11.25"]
[SourceQuality "1"]
[WhiteTeam "Neuenkirchen"]
[BlackTeam "Brackweda"]
[WhiteTeamCountry "GER"]
[BlackTeamCountry "GER"]

1. e4 c5 2. Nf3 e6 3. c3 Nf6 4. e5 Nd5 5. d4 cxd4 6. cxd4 b6 7. Nc3 Nxc3 8. bxc3 Qc7 9. Bd2 d6 10. Bd3 Nd7 11. 0-0 Bb7 12. Re1 dxe5 13. Nxe5 Nxe5 14. Rxe5 Bd6 15. Bb5+ Bc6 16. Qf3 Rc8 17. Qxc6+ Qxc6 18. Bxc6+ Rxc6 19. Rb5 Kd7 20. g3 Rhc8 21. Kf1 f6 22. Ke2 e5 23. Kd3 a6 24. Rb3 exd4 25. cxd4 Ke6 26. Re1+ Kd5 27. Re4 g6 28. Re2 b5 29. Rc3 b4 30. Rxc6 Rxc6 31. Re8 a5 32. Rd8 g5 33. h4 h6 34. h5 f5 35. Rd7 Rc7 36. Rd8 Rc6 37. Rd7 Rc7 38. Rd8 Re7 39. Rh8 Re6 40. Rd8 Re4 41. Rh8 Rxd4+ 42. Kc2 a4 43. Bc1 Kc4 44. Rxh6 b3+ 45. axb3+ axb3+ 46. Kb1 Rd1 47. Rh8 b2 48. Rc8+ Kb3 49. h6 bxc1Q+ 50. Rxc1 Rxc1+ 51. Kxc1 Kc3 52. h7 Be5 53. Kd1 Kd3 54. f4 gxf4 55. gxf4 Bf6 0-1

[Event "Dortmund Sparkassen op"]
[Site "Dortmund"]
[Date "2008.07.01"]
[Round "3"]
[White "Heinzel, Peter"]
[Black "Ebert, Manuel"]
[Result "0-1"]
[WhiteElo "1985"]
[BlackElo "2111"]
[PlyCount "70"]
[EventDate "2008.06.30"]
[EventType "swiss"]
[EventRounds "9"]
[EventCountry "GER"]
[SourceTitle "CBM 125 Extra"]
[Source "ChessBase"]
[SourceDate "2008.09.01"]
[SourceVersion "1"]
[SourceVersionDate "2008.09.01"]
[SourceQuality "1"]

1. Nf3 Nf6 2. c4 g6 3. Nc3 Bg7 4. d4 d6 5. g3 0-0 6. Bg2 Nbd7 7. 0-0 e5 8. Bg5 h6 9. Bxf6 Bxf6 10. e3 Bg7 11. Rc1 f5 12. dxe5 dxe5 13. Qd5+ Kh7 14. Rfd1 c6 15. Qd2 Qe7 16. Qe2 Qf7 17. b3 Re8 18. Qc2 e4 19. Ne1 Ne5 20. Ne2 Kh8 21. Rd2 Bf6 22. Rcd1 Kg7 23. Nc3 g5 24. Rc1 h5 25. Qd1 Rh8 26. Bxe4 fxe4 27. Nxe4 Be6 28. Rd6 g4 29. f4 gxf3 30. Nxf3 Nxf3+ 31. Qxf3 Rad8 32. Rf1 Be7 33. Qd1 Qg6 34. Qd4+ Kh6 35. c5 Rdf8 0-1

[Event "Neckar op-A 12th"]
[Site "Deizisau"]
[Date "2008.03.20"]
[Round "1"]
[White "Chernov, Vadim A"]
[Black "Ebert, Manuel"]
[Result "1-0"]
[WhiteElo "2505"]
[BlackElo "2113"]
[PlyCount "126"]
[EventDate "2008.03.20"]
[EventType "swiss"]
[EventRounds "9"]
[EventCountry "GER"]
[SourceTitle "CBM 123 Extra"]
[Source "ChessBase"]
[SourceDate "2008.05.06"]
[SourceVersion "1"]
[SourceVersionDate "2008.05.06"]
[SourceQuality "1"]

1. e4 c5 2. Nc3 Nc6 3. Bb5 g6 4. Bxc6 bxc6 5. d3 Bg7 6. Nge2 Rb8 7. 0-0 d6 8. Rb1 Nf6 9. h3 0-0 10. Be3 Qa5 11. Qd2 Re8 12. f4 d5 13. Nxd5 Qxd2 14. Nxf6+ Bxf6 15. Bxd2 Rxb2 16. Rxb2 Bxb2 17. Rb1 Bd4+ 18. Kf1 Ba6 19. Rb3 Bb5 20. Ra3 Bb2 21. Rxa7 c4 22. d4 c5 23. c3 Bc6 24. d5 Ba8 25. Rd7 e6 26. dxe6 fxe6 27. Ng3 h5 28. h4 Bc6 29. Rd6 Ba8 30. Ke2 Kf7 31. Rd7+ Kf8 32. Kf3 Bc6 33. Rd6 Ba4 34. e5 Bd1+ 35. Ke3 Ke7 36. Ne4 Ra8 37. Nxc5 Bg4 38. Ne4 Rxa2 39. Rc6 Ra1 40. Rxc4 Rh1 41. Nf2 Rxh4 42. Nd3 Ba1 43. Ra4 Rh1 44. Be1 Bb2 45. Kf2 Rxe1 46. Nxe1 Bxc3 47. Ra7+ Kf8 48. Nf3 Bb2 49. Rb7 Bc1 50. Nh4 g5 51. fxg5 Bxg5 52. Nf3 Bf4 53. g3 Bc1 54. Nh4 Kg8 55. Ng6 Bg5 56. Nh4 Bc1 57. Ng2 Ba3 58. Ke3 Bc1+ 59. Ke4 Bg5 60. Ne3 Be2 61. Rb2 Ba6 62. Rb6 Bxe3 63. Rxa6 Bf2 1-0

[Event "NRW Class1 0708"]
[Site "Germany"]
[Date "2008.03.02"]
[Round "7.3"]
[White "Kurr, Gerd"]
[Black "Ebert, Manuel"]
[Result "1-0"]
[WhiteElo "2219"]
[BlackElo "2107"]
[PlyCount "55"]
[EventDate "2007.09.16"]
[EventType "team"]
[EventRounds "9"]
[EventCountry "GER"]
[SourceTitle "EXT 2009"]
[Source "ChessBase"]
[SourceDate "2008.11.26"]
[SourceVersion "1"]
[SourceVersionDate "2008.11.26"]
[SourceQuality "1"]
[WhiteTeam "Elberfeld"]
[BlackTeam "Brackweda"]
[WhiteTeamCountry "GER"]
[BlackTeamCountry "GER"]

1. d4 Nf6 2. Nf3 g6 3. c4 Bg7 4. Nc3 0-0 5. e4 d6 6. Be2 e5 7. dxe5 dxe5 8. Qxd8 Rxd8 9. Bg5 Re8 10. Nd5 Nxd5 11. cxd5 c6 12. Bc4 cxd5 13. Bxd5 Nc6 14. 0-0-0 Bg4 15. Kb1 Rab8 16. Rc1 Nb4 17. Bb3 Rbc8 18. Be3 Nc6 19. Ng5 Re7 20. f3 Be6 21. Nxe6 fxe6 22. Rhd1 Rf8 23. Bc5 Rff7 24. Bxe7 Rxe7 25. Rd6 Kf7 26. Ba4 Nd4 27. Rd7 b5 28. Rcc7 1-0

[Event "Muensterland op 25th"]
[Site "Senden"]
[Date "2007.09.29"]
[Round "2"]
[White "Ebert, Manuel"]
[Black "Korneev, Oleg"]
[Result "0-1"]
[WhiteElo "2107"]
[BlackElo "2565"]
[PlyCount "70"]
[EventDate "2007.09.29"]
[EventType "swiss"]
[EventRounds "9"]
[EventCountry "GER"]
[SourceTitle "EXT 2008"]
[Source "ChessBase"]
[SourceDate "2007.11.25"]
[SourceVersion "1"]
[SourceVersionDate "2007.11.25"]
[SourceQuality "1"]

1. e4 c5 2. Nf3 e6 3. d4 cxd4 4. Nxd4 a6 5. Nc3 Qc7 6. Bd3 Nf6 7. 0-0 Bc5 8. Nb3 Be7 9. Qe2 d6 10. f4 Nbd7 11. a4 b6 12. Bd2 Bb7 13. Rae1 h5 14. Nd4 Qc5 15. Be3 Ng4 16. Nf5 Nxe3 17. Nxe3 Nf6 18. Kh1 h4 19. f5 h3 20. g3 Qb4 21. fxe6 fxe6 22. Nc4 Rc8 23. Rf3 0-0 24. Rf4 b5 25. axb5 axb5 26. Nd2 Qxb2 27. Nxb5 d5 28. e5 Ne4 29. Rxf8+ Rxf8 30. Nxe4 dxe4 31. Bc4 Qxe5 32. Qg4 Rf6 33. c3 e3+ 34. Kg1 e2 35. Nd4 Qe3# 0-1

[Event "Dresden ZMD op"]
[Site "Dresden"]
[Date "2007.07.28"]
[Round "8"]
[White "Ebert, Manuel"]
[Black "Wahrenberg, Ralf"]
[Result "1-0"]
[WhiteElo "2107"]
[BlackElo "1974"]
[PlyCount "69"]
[EventDate "2007.07.21"]
[EventType "swiss"]
[EventRounds "9"]
[EventCountry "GER"]
[SourceTitle "EXT 2008"]
[Source "ChessBase"]
[SourceDate "2007.11.25"]
[SourceVersion "1"]
[SourceVersionDate "2007.11.25"]
[SourceQuality "1"]

1. e4 c5 2. Nf3 e6 3. d4 cxd4 4. Nxd4 Bc5 5. Be3 Qb6 6. Nb5 Bxe3 7. fxe3 Nf6 8. Nd6+ Ke7 9. Nc4 Qc5 10. e5 Ne4 11. Nbd2 Nxd2 12. Qe2 b6 13. Qf2 Nc6 14. Qh4+ f6 15. exf6+ gxf6 16. Qg3 Qg5 17. Qd6+ Kf7 18. 0-0-0 Qc5 19. Qxd2 d5 20. Na3 Bb7 21. Kb1 a6 22. c3 b5 23. Nc2 Rad8 24. Be2 Rhg8 25. e4 dxe4 26. Qh6 Qg5 27. Qxh7+ Rg7 28. Qxe4 Qxg2 29. Bf3 Qg6 30. Qe2 Ke7 31. Qe3 Qg5 32. Qb6 Rxd1+ 33. Rxd1 Kf8 34. Bxc6 Bxc6 35. Qxc6 1-0

[Event "Dresden ZMD op"]
[Site "Dresden"]
[Date "2007.07.26"]
[Round "6"]
[White "Ebert, Manuel"]
[Black "Eilers, Jochen"]
[Result "1-0"]
[WhiteElo "2107"]
[BlackElo "1935"]
[PlyCount "115"]
[EventDate "2007.07.21"]
[EventType "swiss"]
[EventRounds "9"]
[EventCountry "GER"]
[SourceTitle "EXT 2008"]
[Source "ChessBase"]
[SourceDate "2007.11.25"]
[SourceVersion "1"]
[SourceVersionDate "2007.11.25"]
[SourceQuality "1"]

1. e4 c5 2. Nf3 d6 3. d4 cxd4 4. Nxd4 Nf6 5. Nc3 a6 6. Bc4 e5 7. Nde2 Be6 8. Bb3 Be7 9. Bg5 0-0 10. Bxf6 Bxf6 11. Qd3 Nc6 12. 0-0-0 Be7 13. Nd5 Bxd5 14. Bxd5 Qb6 15. Rhf1 Nb4 16. Qb3 Nxd5 17. Rxd5 Qxb3 18. axb3 Rac8 19. Rfd1 g6 20. Nc3 Rc6 21. Kb1 Kg7 22. R5d2 Rfc8 23. Nd5 Bf8 24. g4 f6 25. b4 b5 26. c3 Kf7 27. Kc2 Ke6 28. Rd3 Rb8 29. Rh3 h6 30. Rf3 Be7 31. Ra1 Rb7 32. Kd3 Bd8 33. Rh3 Rh7 34. Ne3 Be7 35. b3 Bf8 36. c4 Rb7 37. Nd5 Kf7 38. Rf3 Be7 39. h4 Ke6 40. Re3 Bd8 41. Rg3 Rb8 42. f4 Kf7 43. fxe5 dxe5 44. Rf3 Kg7 45. h5 g5 46. c5 Rb7 47. Rf2 Ra7 48. Rfa2 Kf7 49. Ke3 Ke6 50. Nc3 Ke7 51. Nxb5 Rb7 52. Nc3 Kf8 53. Rxa6 Rxa6 54. Rxa6 Rxb4 55. Ra8 Ke8 56. c6 Rxb3 57. Kd3 Ke7 58. Ke2 1-0

[Event "Dresden ZMD op"]
[Site "Dresden"]
[Date "2007.07.23"]
[Round "3"]
[White "Heinig, Wolfram"]
[Black "Ebert, Manuel"]
[Result "1-0"]
[WhiteElo "2342"]
[BlackElo "2107"]
[PlyCount "81"]
[EventDate "2007.07.21"]
[EventType "swiss"]
[EventRounds "9"]
[EventCountry "GER"]
[SourceTitle "EXT 2008"]
[Source "ChessBase"]
[SourceDate "2007.11.25"]
[SourceVersion "1"]
[SourceVersionDate "2007.11.25"]
[SourceQuality "1"]

1. Nf3 c5 2. c4 b6 3. g3 Bb7 4. Bg2 e6 5. 0-0 Qc7 6. Nc3 a6 7. b3 Nf6 8. Bb2 Be7 9. Rc1 d6 10. e3 0-0 11. d4 Nbd7 12. d5 e5 13. Nh4 Rfe8 14. f4 g6 15. Rc2 Bc8 16. Rcf2 e4 17. Bh3 h5 18. Qc2 Bf8 19. Bg2 Bg7 20. Ba1 Nf8 21. h3 Qe7 22. Kh2 Rb8 23. a4 Bh6 24. Nxe4 Nxe4 25. Bxe4 f5 26. Bf3 Bg7 27. Bxg7 Qxg7 28. e4 fxe4 29. Bxe4 Qd7 30. Bg2 Qf7 31. f5 g5 32. Ng6 Qf6 33. Nxf8 Rxf8 34. Qe2 Qh6 35. f6 Rb7 36. Qe3 h4 37. gxh4 Qxh4 38. f7+ Kg7 39. Qc3+ Kh7 40. Qf6 Rd7 41. Rf4 1-0

[Event "NRW Class2 0607"]
[Site "Germany"]
[Date "2007.04.15"]
[Round "8.6"]
[White "Gruettemeier, Uwe"]
[Black "Ebert, Manuel"]
[Result "1-0"]
[WhiteElo "2155"]
[BlackElo "2193"]
[PlyCount "65"]
[EventDate "2006.09.17"]
[EventType "team-tourn"]
[EventRounds "9"]
[EventCountry "GER"]
[SourceTitle "EXT 2008"]
[Source "ChessBase"]
[SourceDate "2007.11.25"]
[SourceVersion "1"]
[SourceVersionDate "2007.11.25"]
[SourceQuality "1"]
[WhiteTeam "Bielefeld"]
[BlackTeam "Brackweda"]
[WhiteTeamCountry "GER"]
[BlackTeamCountry "GER"]

1. d4 d5 2. c4 e6 3. Nf3 Nf6 4. Nc3 Be7 5. Bg5 c6 6. e3 0-0 7. Qc2 Nbd7 8. Rd1 Re8 9. Bd3 dxc4 10. Bxc4 Qa5 11. 0-0 a6 12. a3 c5 13. Ba2 cxd4 14. exd4 h6 15. Bh4 b5 16. d5 exd5 17. Nxd5 Bb7 18. Qc7 Qxc7 19. Nxc7 Bxf3 20. gxf3 Ne5 21. Kg2 Rec8 22. Nxa8 Rxa8 23. Rfe1 Ng6 24. Bg3 Bc5 25. Re2 Bf8 26. Rc1 Nh5 27. Rd2 Re8 28. Rc7 Be7 29. Rdc2 Kf8 30. Rc8 Bd8 31. Bd6+ Kg8 32. R2c7 Nh4+ 33. Kf1 1-0